000 00635nam a2200217Ia 4500
003 OSt
005 20230605120902.0
008 210423s2017 xx 000 0 und d
020 _a978-93-860-6291-8
040 _cAL
041 _aeng
082 _a371.4 RANG
100 _aRANGANATHAN (Namita);WADHWA (Toolika)
_9119569
245 _aGuidance and counselling for children and adolescents in schools
260 _aLondon
_bSage Publications
_c2017
300 _axviii,253,9
_bPB
365 _b295
_cINR
650 _aEducation
_9119570
906 _aadolescents ; children ; counselling ; Guidance ; schools
942 _2ddc
_cBK
999 _c176617
_d176617